Statistiken für Skandinavische Fußballer, die die Champions League gewonnen haben

Klicken Sie hier um das Quiz zu spielen!

Allgemein

  • Dieses Quiz wurde 119 mal gespielt
  • Das Durchschnittsergebnis liegt bei 5 aus 11

Antwortstatistiken

SaisonNationalitätSpieler% Korrekt
22/23NorwegenErling Haaland
98%
05/06SchwedenHenrik Larsson
63%
94/95FinnlandJari Litmanen
62%
98/99DänemarkPeter Schmeichel
55%
98/99NorwegenOle Gunnar Solskjaer
47%
20/21DänemarkAndreas Christensen
44%
04/05FinnlandSami Hyypiä
30%
00/01SchwedenPatrik Andersson
28%
04/05NorwegenJohn Arne Riise
23%
98/99SchwedenJesper Blomqvist
5%
98/99NorwegenRonny Johnsen
5%

Verteilung der Resultate

Perzentil nach korrekt beantworteten Fragen

Anzahl Personen mit jedem Resultat

Ihre Resultats-Entwicklung

Sie haben dieses Quiz noch nicht gespielt